Dialogues on the hindu philosophy comprising the Nyaya, The Sankhya, the Vedant... / (Record no. 28051)
[ view plain ]
| 000 -LEADER | |
|---|---|
| campo de control de longitud fija | 00641nam a2200193 i 4500 |
| 001 - NÚMERO DE CONTROL | |
| campo de control | 28051 |
| 003 - IDENTIFICADOR DE NÚMERO DE CONTROL | |
| campo de control | ES-MaACL |
| 005 - FECHA Y HORA DE LA ÚLTIMA TRANSACCIÓN | |
| campo de control | 20250804044641.0 |
| 007 - CAMPO FIJO DE DESCRIPCIÓN FÍSICA--INFORMACIÓN GENERAL | |
| campo de control de longitud fija | t| |
| 008 - DATOS DE LONGITUD FIJA--INFORMACIÓN GENERAL | |
| campo de control de longitud fija | 030116s1861 xxk ||||1| eng d |
| 100 1# - ENTRADA PRINCIPAL--NOMBRE DE PERSONA | |
| Nombre de persona | Banerjea, Krishna Mohan ( |
| Fechas asociadas al nombre | 1813-1885) |
| 9 (RLIN) | 25189 |
| 245 10 - MENCIÓN DEL TÍTULO | |
| Título | Dialogues on the hindu philosophy comprising the Nyaya, The Sankhya, the Vedant... / |
| Mención de responsabilidad, etc. | by K.M. Banerjea. |
| 260 ## - PUBLICACIÓN, DISTRIBUCIÓN, ETC. | |
| Lugar de publicación, distribución, etc. | London : |
| Nombre del editor, distribuidor, etc. | Williams and Norgate, |
| Fecha de publicación, distribución, etc. | 1861 ( |
| Fabricante | Bishop's College Press) |
| 300 ## - DESCRIPCIÓN FÍSICA | |
| Extensión | XXIII, 538 p. ; |
| Dimensiones | 23 cm. |
| 630 04 - PUNTO DE ACCESO ADICIONAL DE MATERIA--TÍTULO UNIFORME | |
| Título uniforme | Vedas. |
| 9 (RLIN) | 156072 |
| 650 07 - PUNTO DE ACCESO ADICIONAL DE MATERIA--TÉRMINO DE MATERIA | |
| Término de materia o nombre geográfico como elemento de entrada | Filosofía hindú |
| Fuente del encabezamiento o término | embne |
| 9 (RLIN) | 12853 |
| 852 ## - LOCALIZACIÓN | |
| Ubicación | ES-MaACL |
| Número de control de estantería | G-11494 |
| Estatus retirado | Estado de pérdida | Estado de daño | No para préstamo | Colección | Biblioteca de origen | Biblioteca actual | Ubicación en estantería | Fecha de adquisición | Fuente de adquisición | Total de préstamos | Signatura topográfica completa | Código de barras | Visto por última vez | Precio de reemplazo | Tipo de ítem Koha |
|---|---|---|---|---|---|---|---|---|---|---|---|---|---|---|---|
| Libros del s. XIX | Biblioteca del Ateneo de Madrid | Biblioteca del Ateneo de Madrid | Sala Pecera Planta 3 | 17/01/2008 | G-11494 | 1028962 | 23/02/2023 | 23/02/2023 | Libro impreso antiguo |
